Механика: лабораторный практикум; учебное пособие

書誌詳細
第一著者: Антоненко А. Н. Анастасия Николаевна
団体著者: Национальный исследовательский Томский политехнический университет (ТПУ) Новокузнецкий филиал (НФ) Кафедра естественно-научных и общепрофессиональных дисциплин (ЕНПД)
その他の著者: Маркидонов А. В. Артем Владимирович
要約:Заглавие с титульного экрана
Электронная версия печатной публикации
Пособие содержит методические указания к лабораторным работам натурного физического эксперимента. Каждое указание имеет теоретическую часть, методические рекомендации к выполнению лабораторной работы, обработки результатов и контрольные вопросы для самопроверки. Также содержит методические указания по теории погрешностей. Работы расположены в последовательности изложения материала курса"Общая физика" раздел "Механика". Предназначено для студентов и бакалавров технического университета.
Режим доступа: из корпоративной сети ТПУ
言語:ロシア語
出版事項: Томск, Изд-во ТПУ, 2012
主題:
オンライン・アクセス:http://www.lib.tpu.ru/fulltext2/m/2012/m365.pdf
フォーマット: 電子媒体 図書
KOHA link:https://koha.lib.tpu.ru/cgi-bin/koha/opac-detail.pl?biblionumber=218793

MARC

LEADER 00000nlm0a2200000 4500
001 218793
005 20231101230222.0
035 |a (RuTPU)RU\TPU\book\238826 
035 |a RU\TPU\book\235393 
090 |a 218793 
100 |a 20120626d2012 m y0rusy50 ca 
101 0 |a rus 
102 |a RU 
105 |a a j 001zy 
135 |a drnn ---uucaa 
181 0 |a i  
182 0 |a b 
200 1 |a Механика  |b Электронный ресурс  |e лабораторный практикум  |e учебное пособие  |f А. Н. Антоненко, А. В. Маркидонов  |g Национальный исследовательский Томский политехнический университет (ТПУ), Новокузнецкий филиал (НФ), Кафедра естественно-научных и общепрофессиональных дисциплин (ЕНПД) 
203 |a Текст  |c электронный 
210 |a Томск  |c Изд-во ТПУ  |d 2012 
230 |a 1 компьютерный файл (pdf; 2.1 MB) 
300 |a Заглавие с титульного экрана 
300 |a Электронная версия печатной публикации 
330 |a Пособие содержит методические указания к лабораторным работам натурного физического эксперимента. Каждое указание имеет теоретическую часть, методические рекомендации к выполнению лабораторной работы, обработки результатов и контрольные вопросы для самопроверки. Также содержит методические указания по теории погрешностей. Работы расположены в последовательности изложения материала курса"Общая физика" раздел "Механика". Предназначено для студентов и бакалавров технического университета. 
333 |a Режим доступа: из корпоративной сети ТПУ 
337 |a Adobe Reader 
452 1 |0 (RuTPU)RU\TPU\book\235393  |t Механика  |o лабораторный практикум  |o учебное пособие  |f А. Н. Антоненко, А. В. Маркидонов  |g Национальный исследовательский Томский политехнический университет (ТПУ), Новокузнецкий филиал (НФ)  |c Томск  |n Изд-во ТПУ  |d 2012  |p 92 с.  |a Антоненко, Анастасия Николаевна 
606 1 |a Механика  |2 stltpush  |3 (RuTPU)RU\TPU\subj\67812  |9 83462 
610 1 |a физические эксперименты 
610 1 |a плотность 
610 1 |a твердые тела 
610 1 |a поступательное движение 
610 1 |a трение 
610 1 |a ускорение свободного падения 
610 1 |a машина Атвуда 
610 1 |a баллистический маятник 
610 1 |a шары 
610 1 |a соударение 
610 1 |a маятник Обербека 
610 1 |a инерция 
610 1 |a погрешности 
610 1 |a учебные пособия 
610 1 |a лабораторные практикумы 
610 1 |a лабораторные работы 
610 1 |a труды учёных ТПУ 
610 1 |a электронный ресурс 
675 |a 531(076.5)  |v 3 
700 1 |a Антоненко  |b А. Н.  |c физик  |c доцент Новокузнецкого филиала Томского политехнического университета  |g Анастасия Николаевна  |2 stltpush  |3 (RuTPU)RU\TPU\pers\29518  |9 14057 
701 1 |a Маркидонов  |b А. В.  |c физик  |c доцент Новокузнецкого филиала Томского политехнического университета  |g Артем Владимирович  |2 stltpush  |3 (RuTPU)RU\TPU\pers\29519  |9 14058 
712 0 2 |a Национальный исследовательский Томский политехнический университет (ТПУ)  |b Новокузнецкий филиал (НФ)  |b Кафедра естественно-научных и общепрофессиональных дисциплин (ЕНПД)  |h 1550  |2 stltpush  |3 (RuTPU)RU\TPU\col\18774 
801 1 |a RU  |b 63413507  |c 20120512 
801 2 |a RU  |b 63413507  |c 20130506  |g RCR 
856 4 |u http://www.lib.tpu.ru/fulltext2/m/2012/m365.pdf 
900 |a Механика 
942 |c CF